000 00822nam a2200229Ia 4500
001 9140
003 GE_BSU
008 181216s||||||||xx |||||||||||||| ||und||
040 _cGE_BSU
080 _a821.353.1-31+821.353.1-32
100 _aლორია,პარმენ
245 _aრჩეული თხზულებანი: ორ ტომად. ტ:2
245 _bტ:2:დაზგიდან დაზგამდე;მისი ნაამბობი
245 _cრედ:გ.მოისწრაფიშვილი;მხატვ:გ.ხოჯაშვილი
260 _aბათუმი.
260 _bსაბჭ.აჭარა.
260 _c1971
300 _a477გვ;22სმ.
653 _aმოთხრობა
653 _aრომანი
942 _cBK
999 _c42444
_d42444